Cicavce

Bibliographic Details
Other Authors: Kováč, Vladimír, 1958- (Translator)
Format: Book
Language:Slovak
PhysicalDescription:127 s. fareb. fotogr. a ilustr. 29 cm
Published: Bratislava Slovart 1998
ISBN:8071453269
Series:Encyklopédia školáka
Subjects:

MARC

LEADER 00000cam a2200000 a 4500
001 vtls001359515
003 SK-MaSNL
005 20260301010624.0
008 240226s1998 xo ae jren 000 0 slo
015 |a SNBA1999/07-02414 
020 |a 8071453269 
035 |a SNK000313052 
035 |a urn:nbn:sk:snk-amtk1y 
035 |a urn:nbn:sk:snk-am00c6ex 
035 |a 4591DCFB-6D27-4722-A6A6-AD8FE11B4C8F 
040 |a SNK  |b slo  |c SNK  |e AACR2 
041 0 |a slo 
044 |a xo  |c SK 
080 |a 599(031)(087.5)  |2 1981 
130 1 |a Mammals  |l Slovensky  |9 292719 
245 0 0 |a Cicavce  |c [z anglického originálu preložil Vladimír Kováč] 
260 |a Bratislava  |b Slovart  |c 1998 
300 |a 127 s.  |b fareb. fotogr. a ilustr.  |c 29 cm 
490 1 |a Encyklopédia školáka 
504 |a Slovníček. Register 
650 0 7 |a cicavce  |2 SNKPH  |9 1286 
655 7 |a encyklopédie pre deti  |2 SNKPH  |9 278434 
700 1 |a Kováč, Vladimír,  |d 1958-  |4 trl  |9 97923 
830 0 |a Encyklopédia školáka  |9 292720 
919 |a 80-7145-326-9 
958 |a TL 
958 |a OP 
958 |a US 
958 |a NS 
958 |a OND 
968 |b ENG 
999 |c 548663  |d 550593 
952 |t P60, <03>, [BOOK], {603}  |a SNK  |b SNK  |y PREZ  |7 0  |p 17A0189256  |o snkSB 60044  |i snkKSP 3775/99  |0 0  |1 0  |4 0  |d 1999-04-09  |f 1  |l 0  |r 2025-04-09 00:00:00  |w 2026-02-23 
952 |t P60, <04>, [BOOK], {604}  |a SNK  |b SNK  |y VYP  |7 0  |p 17A0189257  |o snkSB 60044 D1  |i snkKSP 3776/99  |0 0  |1 0  |4 0  |d 1999-04-09  |l 0  |r 2005-01-02 00:00:00  |w 2026-02-23